000 00802cab a2200229 4500
001 WB3006-13
008 090401t1994 xxu||||| |||| 00| 0 eng d
035 _a(Sirsi) u67009
041 _aeng
245 _aUniversities plan bond issue
260 _c1994
350 _a0
490 _aEstates Gazette
_v(9405) 5 February 1994, 43(1)
520 _aA steering committee of the Committee of Vice Chancellors and Principals and Higher Education Funding Council will oversee the issue of property-backed bonds on international capital markets to fund universities` building programmes.
650 _aBUILDING PROGRAMMES
650 _aCAPITAL SPENDING
650 _aFUNDING
650 _aUNIVERSITIES
690 _aPROPERTY-PROPERTY FINANCE AND INVESTMENT
942 _n0
948 _c04/03/1997
999 _c41900
_d41900